Hry na chatu i do přírody pro malé i velké /

Uloženo v:
Hlavní autor: Drake, Jane (Autor)
Další autoři: Love, Ann (Autor), Collins, Heather (Autor), Kučerová, Hana (Ilustrátor)
Médium: Kniha
Jazyk:Czech
Vydáno: Praha : Egmont, 2000
Vydání:1. vyd.
Témata:
Celkem bylo vypůjčeno:22x
Tagy:
Žádné tagy
LEADER 01314nam a2200325 a 4500
001 47223
005 20240330060741.0
008 000528s2000----xr ---------u-------cze-d
015 |a cnb000970799 
020 |a 80-7186-467-6 :  |c 159.00 Kč 
040 |a UOG502  |e AACR2  |9 1  |b cze 
041 1 |a cze  |h eng 
080 |a 796/799 
080 |a 379.826 
080 |a 793.7 
080 |a 796.1/.3 
100 1 |a Drake, Jane  |7 jn20001005644  |4 aut  |9 11742 
245 1 0 |a Hry na chatu i do přírody pro malé i velké /  |c napsaly Jane Drakeová a Ann Loveová ; ilustrovala Heather Collinsová ; [z angličtiny přeložila Hana Kučerová] 
250 |a 1. vyd. 
260 |a Praha :  |b Egmont,  |c 2000 
300 |a 175 s., ilustr. 
504 |a Obsahuje rejstřík 
653 |a volný čas  |a děti  |a využití  |a hry  |a hry v přírodě  |a zábavy  |a nápady  |a náměty  |a táboření  |a tábornictví  |a příroda 
700 1 |a Love, Ann  |7 jn20001005645  |4 aut  |9 29238 
700 1 |a Collins, Heather  |7 jn20001005646  |4 ill  |9 10122 
700 1 |a Kučerová, Hana  |7 jx20040623015  |4 trl  |9 24126 
910 |a UOG502 
999 |c 47223  |d 47223 
942 0 0 |0 20 
993 |0 0  |1 421180050799  |2 ddc  |4 0  |6 796_000000000000000  |7 0  |9 28345  |a 159.00  |b 0  |c 50799  |d 2000-05-28  |e 22  |f M  |g 796  |h 159.00  |i Zámecké knihkupectví  |j 10  |l M  |m 4  |r 2025-08-26  |s 2025-07-08  |t 7  |w 2017-09-19  |y KN  |z NAUCNA